000 00527nam a2200157 a 4500
001 000033570
005 20240306073904.0
008 110831s1960 dr r 000 0 spa d
040 _aDO-SdBNP
_bspa
_cBNPHU
082 _axxxx
_bA385d
100 1 _aAlfau Durán, Vetilio,
_d1909-1985
_910091
245 1 0 _aDominicanos ilustres :
_bZafra (apunte sobre su biografía) /
_cVetilio Alfáu Durán.
260 _aCiudad Trujillo, República Dominicana :
_bMontalvo,
_c1960.
300 _a18 p. ;
_c24 cm.
590 _aInventariado, 2019/VM
999 _c33061
_d33061